| 000 | 00579 a2200157 4500 | ||
|---|---|---|---|
| 020 | _a9780395789308 | ||
| 020 | _a 0395789303 | ||
| 041 | _aspa | ||
| 100 | 1 | 0 | _aO'Dell, Scott |
| 245 | 1 | 0 | _aZia / Scott O'Dell ; traduccion de Juan Antonio Santos |
| 260 | _aBoston : Houghton Mifflin Co., 1997. | ||
| 300 |
_a168 pages : illustrations, maps, portraits ; _c22 cm |
||
| 500 | _a Za̕ -- Botes y herramientas para la caza de ballenas -- Desarrollo de las misiones -- El Camino Real: Las misiones de California -- Los chumash. | ||
| 700 | 1 | 0 | _aSantos, Juan Antonio |
| 942 | _cBK | ||
| 999 |
_c8358 _d8358 |
||